00454pam a2200193 a 4500001000800000005001700008008004100025010001700066020001500083040001800098041000800116043001200124080001500136082001900151100000700170101000800177245004500185504003000230242358120180115074905.0871201r1988 nyuaf b 001 0 eng  a 87034741  a0684185369 aDLCcDLCdDLC aeng ae-gr--- a938.02 GRA00a938.02 GRA2191 a45 aARK14aThe rise of the Greeks /cMichael Grant. aBibliography: p. 361-370.